[Event "World Chess Olympiad 2018"]
[Site "Batumi"]
[Date "2018.10.01"]
[Round "7"]
[Board "1"]
[WhiteFideId "5201268"]
[White "Sadorra Julio Catalino"]
[BlackFideId "4700600"]
[Black "Mehmeti Dritan"]
[Result "1-0"]
[LiveChessVersion "1.4.8"]
[BlackElo "2391"]
[WhiteElo "2553"]

1. Nf3 {[%clk 1:30:43]} Nf6 {[%clk 1:30:43]} 2. c4 {[%clk 1:30:14]} e6
{[%clk 1:30:35]} 3. g3 {[%clk 1:30:07]} b6 {[%clk 1:30:47]} 4. Bg2
{[%clk 1:30:20]} Bb7 {[%clk 1:31:08]} 5. O-O {[%clk 1:30:13]} Be7
{[%clk 1:31:18]} 6. b3 {[%clk 1:30:00]} O-O {[%clk 1:31:33]} 7. Bb2
{[%clk 1:30:25]} c5 {[%clk 1:30:14]} 8. e3 {[%clk 1:28:28]} d5 {[%clk 1:27:14]}
9. Nc3 {[%clk 1:27:47]} dxc4 {[%clk 1:14:01]} 10. bxc4 {[%clk 1:28:10]} Nc6
{[%clk 1:13:24]} 11. Qe2 {[%clk 1:28:13]} Rc8 {[%clk 1:10:37]} 12. Rad1
{[%clk 1:27:11]} Qc7 {[%clk 1:10:18]} 13. d3 {[%clk 1:26:44]} Rfd8
{[%clk 1:09:49]} 14. Ne1 {[%clk 1:26:37]} Rd7 {[%clk 1:06:59]} 15. g4
{[%clk 1:23:10]} a6 {[%clk 1:05:12]} 16. g5 {[%clk 1:15:56]} Ne8 {[%clk 1:05:28]}
17. f4 {[%clk 1:14:14]} Nd6 {[%clk 1:01:44]} 18. Rf3 {[%clk 1:10:31]} g6
{[%clk 0:50:33]} 19. Rh3 {[%clk 1:05:14]} Qd8 {[%clk 0:33:59]} 20. Ba1
{[%clk 0:57:38]} Bf8 {[%clk 0:28:42]} 21. Ne4 {[%clk 0:49:58]} Nxe4
{[%clk 0:27:08]} 22. Bxe4 {[%clk 0:50:24]} Bg7 {[%clk 0:25:58]} 23. Bxg7
{[%clk 0:50:49]} Kxg7 {[%clk 0:26:24]} 24. Qb2+ {[%clk 0:51:15]} Kg8
{[%clk 0:23:17]} 25. Nf3 {[%clk 0:51:19]} Qc7 {[%clk 0:19:34]} 26. Rd2
{[%clk 0:28:53]} Rcd8 {[%clk 0:17:18]} 27. a3 {[%clk 0:26:56]} Rd6
{[%clk 0:12:48]} 28. Rg2 {[%clk 0:25:07]} Rxd3 {[%clk 0:11:04]} 29. Bxd3
{[%clk 0:23:49]} Rxd3 {[%clk 0:11:28]} 30. Rgg3 {[%clk 0:09:56]} e5
{[%clk 0:03:52]} 31. Rh4 {[%clk 0:09:51]} Rxe3 {[%clk 0:02:20]} 32. Nxe5
{[%clk 0:09:10]} Rxg3+ {[%clk 0:02:00]} 33. hxg3 {[%clk 0:09:37]} Nxe5
{[%clk 0:02:13]} 34. Qxe5 {[%clk 0:09:59]} Qc6 {[%clk 0:02:35]} 35. Qe2
{[%clk 0:09:28]} Qd7 {[%clk 0:01:36]} 36. f5 {[%clk 0:08:05]} Qxf5
{[%clk 0:01:57]} 37. Qe8+ {[%clk 0:08:21]} Kg7 {[%clk 0:02:22]} 38. Rf4
{[%clk 0:08:49]} Qe6 {[%clk 0:01:44]} 39. Qxe6 {[%clk 0:09:09]} fxe6
{[%clk 0:02:13]} 40. Rf2 {[%clk 0:38:00]} b5 {[%clk 0:31:39]} 41. Rd2
{[%clk 0:38:11]} Be4 {[%clk 0:26:41]} 42. Rd7+ {[%clk 0:38:21]} Kf8
{[%clk 0:26:55]} 43. Rc7 {[%clk 0:30:58]} b4 {[%clk 0:22:14]} 44. Rxc5
{[%clk 0:30:53]} b3 {[%clk 0:22:35]} 45. Rc8+ {[%clk 0:30:47]} Ke7
{[%clk 0:22:47]} 46. Rb8 {[%clk 0:31:14]} Bc2 {[%clk 0:23:08]} 47. Rb6
{[%clk 0:25:17]} a5 {[%clk 0:21:43]} 48. a4 {[%clk 0:25:37]} Kd7 {[%clk 0:19:02]}
49. Kf2 {[%clk 0:25:28]} e5 {[%clk 0:18:36]} 50. Ke3 {[%clk 0:25:36]} Kc7
{[%clk 0:18:55]} 51. Rb5 {[%clk 0:25:38]} Kd6 {[%clk 0:18:25]} 52. Kd2
{[%clk 0:25:18]} e4 {[%clk 0:18:36]} 53. Ke3 {[%clk 0:25:32]} Kc6
{[%clk 0:18:26]} 54. Kd4 {[%clk 0:25:13]} Kd6 {[%clk 0:16:18]} 55. Rd5+
{[%clk 0:24:45]} Ke6 {[%clk 0:14:40]} 56. Re5+ {[%clk 0:23:29]} Kd6
{[%clk 0:14:57]} 57. Rb5 {[%clk 0:23:44]} Ke6 {[%clk 0:11:49]} 58. c5
{[%clk 0:11:54]} Kd7 {[%clk 0:11:16]} 59. Kd5 {[%clk 0:11:17]} e3
{[%clk 0:10:55]} 60. c6+ {[%clk 0:11:43]} Ke8 {[%clk 0:08:12]} 1-0

[Event "World Chess Olympiad 2018"]
[Site "Batumi"]
[Date "2018.10.01"]
[Round "7"]
[Board "2"]
[WhiteFideId "4701178"]
[White "Pasko Llambi"]
[BlackFideId "5201381"]
[Black "Gomez John Paul"]
[Result "1-0"]
[LiveChessVersion "1.4.8"]
[BlackElo "2464"]
[WhiteElo "2386"]

1. d4 {[%clk 1:30:58]} Nf6 {[%clk 1:30:52]} 2. Nf3 {[%clk 1:31:06]} g6
{[%clk 1:31:09]} 3. c4 {[%clk 1:31:23]} Bg7 {[%clk 1:31:31]} 4. Nc3
{[%clk 1:31:34]} d5 {[%clk 1:31:50]} 5. Qb3 {[%clk 1:31:25]} dxc4
{[%clk 1:32:10]} 6. Qxc4 {[%clk 1:31:51]} O-O {[%clk 1:32:20]} 7. e4
{[%clk 1:32:14]} Nc6 {[%clk 1:32:34]} 8. Be2 {[%clk 1:29:12]} Bg4
{[%clk 1:32:51]} 9. Be3 {[%clk 1:27:03]} Bxf3 {[%clk 1:33:04]} 10. gxf3
{[%clk 1:24:49]} e5 {[%clk 1:33:24]} 11. d5 {[%clk 1:15:28]} Nd4 {[%clk 1:33:34]}
12. Nb5 {[%clk 1:11:06]} Nxe2 {[%clk 0:57:06]} 13. Kxe2 {[%clk 1:08:20]} Qd7
{[%clk 0:48:06]} 14. Rac1 {[%clk 0:58:04]} c6 {[%clk 0:44:59]} 15. dxc6
{[%clk 0:56:13]} bxc6 {[%clk 0:45:12]} 16. Qxc6 {[%clk 0:55:35]} Qxc6
{[%clk 0:41:48]} 17. Rxc6 {[%clk 0:55:40]} Rfb8 {[%clk 0:41:52]} 18. a4
{[%clk 0:50:42]} a6 {[%clk 0:40:47]} 19. Nc7 {[%clk 0:50:29]} Rxb2+
{[%clk 0:40:53]} 20. Kd3 {[%clk 0:50:56]} Rc8 {[%clk 0:24:27]} 21. Rhc1
{[%clk 0:49:18]} a5 {[%clk 0:20:02]} 22. Nd5 {[%clk 0:35:55]} Rd8
{[%clk 0:19:22]} 23. Kc3 {[%clk 0:34:57]} Nxd5+ {[%clk 0:14:01]} 24. Kxb2
{[%clk 0:35:12]} Nxe3 {[%clk 0:14:00]} 25. fxe3 {[%clk 0:35:36]} Bf8
{[%clk 0:14:02]} 26. Kc2 {[%clk 0:29:29]} Bh6 {[%clk 0:11:09]} 27. Rd1
{[%clk 0:28:01]} Rb8 {[%clk 0:10:51]} 28. Rd5 {[%clk 0:28:01]} Bxe3
{[%clk 0:09:28]} 29. Rxa5 {[%clk 0:27:40]} Rb4 {[%clk 0:09:43]} 30. Rc3
{[%clk 0:14:41]} Bd4 {[%clk 0:08:50]} 31. Rb3 {[%clk 0:15:06]} Rc4+
{[%clk 0:09:12]} 32. Kd1 {[%clk 0:10:04]} Kg7 {[%clk 0:08:37]} 33. Ra6
{[%clk 0:09:52]} h5 {[%clk 0:08:20]} 34. h3 {[%clk 0:08:52]} Rc7 {[%clk 0:05:15]}
35. a5 {[%clk 0:07:50]} Kh6 {[%clk 0:05:24]} 36. Ra8 {[%clk 0:06:13]} Kg5
{[%clk 0:05:15]} 37. a6 {[%clk 0:06:35]} f6 {[%clk 0:01:20]} 38. Rd8
{[%clk 0:04:48]} Kf4 {[%clk 0:00:38]} 39. Rb7 {[%clk 0:04:08]} Rc3
{[%clk 0:00:50]} 40. a7 {[%clk 0:34:08]} Bxa7 {[%clk 0:30:31]} 41. Rxa7
{[%clk 0:34:35]} Rxf3 {[%clk 0:30:20]} 42. Ke2 {[%clk 0:30:31]} Rxh3
{[%clk 0:29:53]} 43. Rd6 {[%clk 0:29:02]} Re3+ {[%clk 0:17:50]} 44. Kd2
{[%clk 0:18:31]} f5 {[%clk 0:17:21]} 45. Rxg6 {[%clk 0:18:35]} Rxe4
{[%clk 0:14:45]} 46. Rh7 {[%clk 0:18:54]} Rd4+ {[%clk 0:13:45]} 47. Ke2
{[%clk 0:18:01]} Re4+ {[%clk 0:13:26]} 48. Kf2 {[%clk 0:18:14]} Ra4
{[%clk 0:13:44]} 49. Rxh5 {[%clk 0:18:41]} Ra2+ {[%clk 0:12:45]} 50. Kg1
{[%clk 0:19:03]} Ke4 {[%clk 0:11:08]} 51. Rg2 {[%clk 0:17:42]} Ra1+
{[%clk 0:11:20]} 52. Kh2 {[%clk 0:18:05]} Ra5 {[%clk 0:11:23]} 53. Rf2
{[%clk 0:17:23]} f4 {[%clk 0:11:37]} 54. Re2+ {[%clk 0:17:34]} Kd4
{[%clk 0:11:51]} 55. Kg2 {[%clk 0:18:00]} Rb5 {[%clk 0:11:32]} 56. Kf2
{[%clk 0:18:14]} Ra5 {[%clk 0:11:46]} 57. Rh8 {[%clk 0:18:03]} 1-0

[Event "World Chess Olympiad 2018"]
[Site "Batumi"]
[Date "2018.10.01"]
[Round "7"]
[Board "3"]
[WhiteFideId "5200750"]
[White "Garcia Jan Emmanuel"]
[BlackFideId "4700066"]
[Black "Ashiku Franc"]
[Result "1/2-1/2"]
[LiveChessVersion "1.4.8"]
[BlackElo "2373"]
[WhiteElo "2439"]

1. c4 {[%clk 1:29:49]} f5 {[%clk 1:30:40]} 2. d4 {[%clk 1:28:48]} Nf6
{[%clk 1:30:43]} 3. Nc3 {[%clk 1:28:55]} e6 {[%clk 1:30:59]} 4. g3
{[%clk 1:25:58]} g6 {[%clk 1:29:57]} 5. Bg2 {[%clk 1:25:29]} Bg7 {[%clk 1:30:14]}
6. Nf3 {[%clk 1:21:04]} d6 {[%clk 1:30:31]} 7. O-O {[%clk 1:20:16]} O-O
{[%clk 1:30:54]} 8. Re1 {[%clk 1:18:28]} Ne4 {[%clk 1:29:46]} 9. Qc2
{[%clk 1:14:42]} Nxc3 {[%clk 1:30:07]} 10. Qxc3 {[%clk 1:12:18]} Nc6
{[%clk 1:30:00]} 11. Bg5 {[%clk 1:03:21]} Qe8 {[%clk 1:27:01]} 12. Qd2
{[%clk 1:02:01]} e5 {[%clk 1:26:31]} 13. d5 {[%clk 0:58:24]} Nb8 {[%clk 1:18:59]}
14. Bh6 {[%clk 0:54:55]} a5 {[%clk 1:14:55]} 15. Bxg7 {[%clk 0:49:38]} Kxg7
{[%clk 1:15:18]} 16. c5 {[%clk 0:46:06]} Nd7 {[%clk 1:14:25]} 17. cxd6
{[%clk 0:43:45]} cxd6 {[%clk 1:14:48]} 18. Rac1 {[%clk 0:42:16]} Qd8
{[%clk 1:03:04]} 19. Qc3 {[%clk 0:38:00]} Qf6 {[%clk 1:03:14]} 20. Qa3
{[%clk 0:35:36]} b5 {[%clk 0:53:59]} 21. b4 {[%clk 0:25:33]} Nb6 {[%clk 0:53:42]}
22. bxa5 {[%clk 0:23:09]} e4 {[%clk 0:47:41]} 23. Nd2 {[%clk 0:19:37]} Nxd5
{[%clk 0:48:05]} 24. e3 {[%clk 0:18:04]} b4 {[%clk 0:42:24]} 25. Qa4
{[%clk 0:17:36]} Rf7 {[%clk 0:39:49]} 26. Nc4 {[%clk 0:13:24]} Nc3
{[%clk 0:37:39]} 27. Qc6 {[%clk 0:13:08]} Bb7 {[%clk 0:35:39]} 28. Qxd6
{[%clk 0:13:24]} Qxd6 {[%clk 0:30:38]} 29. Nxd6 {[%clk 0:13:51]} Rd7
{[%clk 0:24:55]} 30. Nxb7 {[%clk 0:10:11]} Rxb7 {[%clk 0:25:10]} 31. a3
{[%clk 0:10:25]} Rc8 {[%clk 0:23:02]} 32. a6 {[%clk 0:07:42]} Ra7
{[%clk 0:22:15]} 33. Rc2 {[%clk 0:05:43]} b3 {[%clk 0:17:44]} 34. Rb2
{[%clk 0:05:36]} Rb8 {[%clk 0:17:42]} 35. Bf1 {[%clk 0:05:30]} Na4
{[%clk 0:17:29]} 36. Rd2 {[%clk 0:05:44]} b2 {[%clk 0:15:35]} 37. Rb1
{[%clk 0:05:57]} Rc7 {[%clk 0:15:40]} 38. Kg2 {[%clk 0:01:57]} Rc3
{[%clk 0:12:31]} 39. a7 {[%clk 0:00:56]} Ra8 {[%clk 0:12:48]} 40. Bb5
{[%clk 0:30:58]} Rxa3 {[%clk 0:34:43]} 41. Rd7+ {[%clk 0:27:37]} Kh6
{[%clk 0:32:49]} 42. Bxa4 {[%clk 0:21:59]} Rxa4 {[%clk 0:33:12]} 43. Rxb2
{[%clk 0:22:20]} R4xa7 {[%clk 0:33:18]} 44. Rbb7 {[%clk 0:21:44]} Rxb7
{[%clk 0:33:41]} 45. Rxb7 {[%clk 0:22:09]} Rh8 {[%clk 0:26:05]} 46. h4
{[%clk 0:16:55]} g5 {[%clk 0:24:04]} 47. Rb5 {[%clk 0:11:43]} Rf8
{[%clk 0:12:24]} 48. g4 {[%clk 0:10:07]} gxh4 {[%clk 0:11:58]} 49. gxf5
{[%clk 0:10:03]} Kg5 {[%clk 0:11:59]} 50. Re5 {[%clk 0:09:28]} Rxf5
{[%clk 0:07:39]} 51. Rxe4 {[%clk 0:09:41]} h5 {[%clk 0:07:17]} 52. f4+
{[%clk 0:04:09]} Kg4 {[%clk 0:07:43]} 53. Re8 {[%clk 0:04:06]} h3+
{[%clk 0:07:53]} 54. Kh2 {[%clk 0:03:26]} Rb5 {[%clk 0:08:19]} 55. Rg8+
{[%clk 0:02:13]} Kh4 {[%clk 0:08:44]} 56. Rg1 {[%clk 0:01:14]} Rb2+
{[%clk 0:08:58]} 57. Kh1 {[%clk 0:01:35]} Re2 {[%clk 0:09:05]} 58. f5
{[%clk 0:01:08]} Rxe3 {[%clk 0:09:27]} 59. Rf1 {[%clk 0:01:08]} Re7
{[%clk 0:09:34]} 60. f6 {[%clk 0:01:28]} 1/2-1/2

[Event "World Chess Olympiad 2018"]
[Site "Batumi"]
[Date "2018.10.01"]
[Round "7"]
[Board "4"]
[WhiteFideId "4700031"]
[White "Seitaj Ilir"]
[BlackFideId "5203953"]
[Black "Pascua Haridas"]
[Result "0-1"]
[LiveChessVersion "1.4.8"]
[BlackElo "2435"]
[WhiteElo "2360"]

1. e4 {[%clk 1:30:55]} c5 {[%clk 1:30:38]} 2. Nf3 {[%clk 1:31:01]} Nc6
{[%clk 1:30:27]} 3. c3 {[%clk 1:31:14]} d5 {[%clk 1:30:32]} 4. exd5
{[%clk 1:31:36]} Qxd5 {[%clk 1:30:58]} 5. d4 {[%clk 1:32:01]} e6 {[%clk 1:30:42]}
6. Bd3 {[%clk 1:32:15]} Nf6 {[%clk 1:30:45]} 7. O-O {[%clk 1:32:38]} cxd4
{[%clk 1:30:25]} 8. cxd4 {[%clk 1:32:58]} Be7 {[%clk 1:30:31]} 9. Nc3
{[%clk 1:33:20]} Qd8 {[%clk 1:27:33]} 10. a3 {[%clk 1:32:54]} O-O
{[%clk 1:27:32]} 11. Be3 {[%clk 1:33:09]} b6 {[%clk 1:27:08]} 12. Qe2
{[%clk 1:33:32]} Bb7 {[%clk 1:27:20]} 13. Rad1 {[%clk 1:33:55]} Qc7
{[%clk 1:24:30]} 14. Rfe1 {[%clk 1:22:12]} Rac8 {[%clk 1:22:30]} 15. Bb1
{[%clk 1:19:09]} Rfd8 {[%clk 1:19:48]} 16. Bg5 {[%clk 1:16:03]} Nd5
{[%clk 1:01:58]} 17. Qe4 {[%clk 1:06:32]} g6 {[%clk 1:01:13]} 18. Qh4
{[%clk 1:06:26]} Re8 {[%clk 0:47:17]} 19. Nxd5 {[%clk 1:02:36]} exd5
{[%clk 0:47:42]} 20. h3 {[%clk 0:41:34]} Bxg5 {[%clk 0:40:21]} 21. Nxg5
{[%clk 0:41:55]} f6 {[%clk 0:39:54]} 22. Nf3 {[%clk 0:40:22]} Kg7
{[%clk 0:37:10]} 23. Nh2 {[%clk 0:38:06]} Na5 {[%clk 0:32:21]} 24. Bd3
{[%clk 0:26:53]} Bc6 {[%clk 0:29:05]} 25. b4 {[%clk 0:22:36]} Nc4
{[%clk 0:23:10]} 26. Rc1 {[%clk 0:15:05]} b5 {[%clk 0:20:44]} 27. g3
{[%clk 0:10:54]} Qd6 {[%clk 0:20:19]} 28. Ng4 {[%clk 0:10:35]} h5
{[%clk 0:20:38]} 29. Ne3 {[%clk 0:09:52]} Bd7 {[%clk 0:17:07]} 30. Nc2
{[%clk 0:06:38]} Nb2 {[%clk 0:16:07]} 31. Bf1 {[%clk 0:06:18]} Rxe1
{[%clk 0:16:02]} 0-1

[Event "World Chess Olympiad 2018"]
[Site "Batumi"]
[Date "2018.10.01"]
[Round "7"]
[Board "1"]
[WhiteFideId "14700077"]
[White "Amonatov Farrukh"]
[BlackFideId "2300044"]
[Black "Hjartarson Johann"]
[Result "1-0"]
[LiveChessVersion "1.4.8"]
[BlackElo "2530"]
[WhiteElo "2615"]

1. e4 {[%clk 1:30:57]} g6 {[%clk 1:30:40]} 2. d4 {[%clk 1:30:52]} Bg7
{[%clk 1:31:04]} 3. Nc3 {[%clk 1:30:56]} d6 {[%clk 1:31:28]} 4. Be3
{[%clk 1:30:53]} a6 {[%clk 1:31:23]} 5. Qd2 {[%clk 1:30:51]} b5 {[%clk 1:31:42]}
6. O-O-O {[%clk 1:29:12]} Nf6 {[%clk 1:29:53]} 7. f3 {[%clk 1:28:19]} Nbd7
{[%clk 1:29:48]} 8. Bh6 {[%clk 1:25:57]} Bxh6 {[%clk 1:29:04]} 9. Qxh6
{[%clk 1:26:20]} e5 {[%clk 1:29:19]} 10. Qd2 {[%clk 1:18:59]} Qe7
{[%clk 1:21:45]} 11. g4 {[%clk 1:17:17]} Nb6 {[%clk 1:16:03]} 12. h4
{[%clk 1:12:36]} h5 {[%clk 1:14:28]} 13. g5 {[%clk 1:12:25]} Nfd7
{[%clk 1:14:51]} 14. f4 {[%clk 1:10:47]} exd4 {[%clk 1:11:11]} 15. Qxd4
{[%clk 1:11:06]} O-O {[%clk 1:11:32]} 16. Nf3 {[%clk 1:07:57]} Re8
{[%clk 0:54:00]} 17. Bh3 {[%clk 1:00:10]} Rb8 {[%clk 0:52:42]} 18. Rhe1
{[%clk 0:47:09]} Ne5 {[%clk 0:45:26]} 19. Bg2 {[%clk 0:45:15]} Nxf3
{[%clk 0:42:53]} 20. Bxf3 {[%clk 0:45:29]} Bb7 {[%clk 0:41:18]} 21. Qf2
{[%clk 0:40:45]} b4 {[%clk 0:39:47]} 22. Ne2 {[%clk 0:39:56]} a5 {[%clk 0:36:59]}
23. Ng3 {[%clk 0:39:21]} a4 {[%clk 0:31:57]} 24. e5 {[%clk 0:34:39]} Qe6
{[%clk 0:26:29]} 25. b3 {[%clk 0:33:25]} axb3 {[%clk 0:25:53]} 26. axb3
{[%clk 0:32:57]} Bxf3 {[%clk 0:24:03]} 27. Qxf3 {[%clk 0:31:59]} Ra8
{[%clk 0:18:39]} 28. f5 {[%clk 0:26:52]} gxf5 {[%clk 0:17:34]} 29. Nxh5
{[%clk 0:21:48]} Kf8 {[%clk 0:12:10]} 30. Nf4 {[%clk 0:16:40]} Qe7
{[%clk 0:09:02]} 31. e6 {[%clk 0:11:32]} Kg7 {[%clk 0:04:56]} 32. Nh5+
{[%clk 0:10:55]} Kg6 {[%clk 0:05:16]} 33. Nf4+ {[%clk 0:08:54]} Kg7
{[%clk 0:04:52]} 34. Nh5+ {[%clk 0:07:13]} Kg6 {[%clk 0:05:10]} 35. Nf6
{[%clk 0:07:38]} Rh8 {[%clk 0:05:30]} 36. exf7 {[%clk 0:06:45]} Qxf7
{[%clk 0:05:19]} 37. Qf4 {[%clk 0:05:05]} Ra1+ {[%clk 0:04:58]} 38. Kb2
{[%clk 0:05:08]} Rxd1 {[%clk 0:04:00]} 39. Rxd1 {[%clk 0:05:29]} Qe6
{[%clk 0:03:33]} 40. h5+ {[%clk 0:35:35]} Kg7 {[%clk 0:30:51]} 41. Qxb4
{[%clk 0:32:36]} Rb8 {[%clk 0:29:54]} 42. Kb1 {[%clk 0:31:27]} Kf7
{[%clk 0:28:03]} 43. Qc3 {[%clk 0:30:48]} 1-0

[Event "World Chess Olympiad 2018"]
[Site "Batumi"]
[Date "2018.10.01"]
[Round "7"]
[Board "2"]
[WhiteFideId "2300087"]
[White "Stefansson Hannes"]
[BlackFideId "14700727"]
[Black "Khusenkhojaev Mustafokhuja"]
[Result "1-0"]
[LiveChessVersion "1.4.8"]
[BlackElo "2229"]
[WhiteElo "2502"]

1. e4 {[%clk 1:30:54]} e5 {[%clk 1:30:52]} 2. Nf3 {[%clk 1:31:15]} Nc6
{[%clk 1:31:12]} 3. Bb5 {[%clk 1:31:35]} a6 {[%clk 1:31:34]} 4. Ba4
{[%clk 1:31:59]} Nf6 {[%clk 1:31:57]} 5. O-O {[%clk 1:32:18]} Be7
{[%clk 1:32:15]} 6. Re1 {[%clk 1:32:38]} b5 {[%clk 1:32:32]} 7. Bb3
{[%clk 1:32:59]} d6 {[%clk 1:32:50]} 8. c3 {[%clk 1:33:19]} O-O {[%clk 1:33:08]}
9. h3 {[%clk 1:33:36]} Nb8 {[%clk 1:32:06]} 10. d4 {[%clk 1:33:50]} Nbd7
{[%clk 1:32:29]} 11. Nbd2 {[%clk 1:33:44]} Bb7 {[%clk 1:32:14]} 12. Bc2
{[%clk 1:33:41]} Re8 {[%clk 1:31:47]} 13. Nf1 {[%clk 1:33:16]} exd4
{[%clk 1:28:52]} 14. cxd4 {[%clk 1:33:24]} c5 {[%clk 1:28:07]} 15. d5
{[%clk 1:25:24]} a5 {[%clk 1:25:43]} 16. a4 {[%clk 1:23:12]} b4 {[%clk 1:25:50]}
17. Bd3 {[%clk 1:18:34]} Ba6 {[%clk 1:24:08]} 18. Bxa6 {[%clk 1:18:50]} Rxa6
{[%clk 1:24:32]} 19. Qd3 {[%clk 1:18:59]} Ra8 {[%clk 1:24:11]} 20. b3
{[%clk 1:18:17]} g6 {[%clk 1:19:59]} 21. Bf4 {[%clk 1:16:16]} Nb6
{[%clk 1:12:55]} 22. Ne3 {[%clk 1:13:09]} Nfd7 {[%clk 1:03:31]} 23. e5
{[%clk 1:10:12]} dxe5 {[%clk 0:58:05]} 24. Nxe5 {[%clk 1:10:12]} Nxe5
{[%clk 0:57:49]} 25. Bxe5 {[%clk 1:10:36]} Bd6 {[%clk 0:48:53]} 26. Bb2
{[%clk 1:09:26]} Be5 {[%clk 0:47:56]} 27. Bxe5 {[%clk 1:09:13]} Rxe5
{[%clk 0:48:22]} 28. d6 {[%clk 1:08:47]} Re6 {[%clk 0:44:52]} 29. Nc4
{[%clk 1:06:04]} Nxc4 {[%clk 0:40:15]} 30. Rxe6 {[%clk 1:06:17]} Nb2
{[%clk 0:28:01]} 31. Qe2 {[%clk 1:06:18]} fxe6 {[%clk 0:24:16]} 32. Qxe6+
{[%clk 1:06:42]} Kg7 {[%clk 0:23:20]} 33. Qd5 {[%clk 1:06:23]} Ra7
{[%clk 0:17:01]} 34. Re1 {[%clk 1:05:48]} Rd7 {[%clk 0:14:25]} 35. Re6
{[%clk 1:06:03]} Qh4 {[%clk 0:10:21]} 36. Qe5+ {[%clk 0:58:43]} Kf7
{[%clk 0:10:44]} 37. g3 {[%clk 0:57:00]} Qd8 {[%clk 0:03:33]} 38. Qd5
{[%clk 0:57:10]} Kg7 {[%clk 0:03:51]} 39. Qxc5 {[%clk 0:57:16]} Qf8
{[%clk 0:00:35]} 40. Qe5+ {[%clk 1:25:27]} Kh6 {[%clk 0:31:04]} 41. Re7
{[%clk 1:24:52]} Qxf2+ {[%clk 0:31:30]} 42. Kxf2 {[%clk 1:23:49]} Nd3+
{[%clk 0:31:56]} 43. Ke2 {[%clk 1:23:36]} Nxe5 {[%clk 0:32:16]} 44. Rxe5
{[%clk 1:24:00]} Rxd6 {[%clk 0:32:33]} 45. Rxa5 {[%clk 1:24:18]} Re6+
{[%clk 0:30:12]} 46. Kf2 {[%clk 1:22:08]} Rc6 {[%clk 0:29:37]} 47. Rb5
{[%clk 1:22:21]} Rc2+ {[%clk 0:30:05]} 48. Kf1 {[%clk 1:21:56]} Ra2
{[%clk 0:24:45]} 49. Rxb4 {[%clk 1:22:02]} Kg5 {[%clk 0:25:09]} 50. Rb5+
{[%clk 1:20:26]} Kf6 {[%clk 0:25:39]} 51. a5 {[%clk 1:20:43]} Ke6
{[%clk 0:26:03]} 52. b4 {[%clk 1:20:14]} Kd6 {[%clk 0:26:24]} 53. Rb7
{[%clk 1:19:02]} Ra3 {[%clk 0:25:05]} 54. Kf2 {[%clk 1:19:12]} Ra2+
{[%clk 0:24:49]} 55. Kf3 {[%clk 1:19:24]} Ra3+ {[%clk 0:25:14]} 56. Kf4
{[%clk 1:19:17]} g5+ {[%clk 0:25:34]} 57. Kxg5 {[%clk 1:19:18]} Rxg3+
{[%clk 0:25:59]} 58. Kh4 {[%clk 1:19:39]} Rc3 {[%clk 0:24:45]} 59. a6
{[%clk 1:19:48]} 1-0

[Event "World Chess Olympiad 2018"]
[Site "Batumi"]
[Date "2018.10.01"]
[Round "7"]
[Board "3"]
[WhiteFideId "14700859"]
[White "Kabilov Amin"]
[BlackFideId "2300699"]
[Black "Gretarsson Helgi Ass"]
[Result "0-1"]
[LiveChessVersion "1.4.8"]
[BlackElo "2448"]
[WhiteElo "2178"]

1. d4 {[%clk 1:30:46]} Nf6 {[%clk 1:29:27]} 2. c4 {[%clk 1:30:21]} c6
{[%clk 1:26:42]} 3. Nf3 {[%clk 1:30:37]} d5 {[%clk 1:26:55]} 4. Nc3
{[%clk 1:28:57]} a6 {[%clk 1:27:12]} 5. c5 {[%clk 1:22:54]} g6 {[%clk 1:21:58]}
6. Bf4 {[%clk 1:22:54]} Nh5 {[%clk 1:22:20]} 7. Bg5 {[%clk 1:17:46]} h6
{[%clk 1:17:32]} 8. Bh4 {[%clk 1:08:55]} g5 {[%clk 1:15:27]} 9. Bg3
{[%clk 1:09:02]} Nd7 {[%clk 1:15:41]} 10. Be5 {[%clk 1:00:00]} f6
{[%clk 0:53:00]} 11. Qc2 {[%clk 0:54:14]} Nxe5 {[%clk 0:46:29]} 12. dxe5
{[%clk 0:48:30]} f5 {[%clk 0:46:49]} 13. O-O-O {[%clk 0:38:25]} Qc7
{[%clk 0:37:34]} 14. g4 {[%clk 0:35:25]} Ng7 {[%clk 0:37:58]} 15. gxf5
{[%clk 0:15:47]} Bxf5 {[%clk 0:23:49]} 16. e4 {[%clk 0:16:07]} Bg6
{[%clk 0:23:48]} 17. Qb3 {[%clk 0:10:09]} e6 {[%clk 0:23:55]} 18. exd5
{[%clk 0:10:03]} cxd5 {[%clk 0:22:43]} 19. Qa4+ {[%clk 0:08:41]} Kf7
{[%clk 0:21:59]} 20. h4 {[%clk 0:08:33]} Bxc5 {[%clk 0:15:52]} 21. hxg5
{[%clk 0:08:50]} hxg5 {[%clk 0:13:22]} 22. Nxg5+ {[%clk 0:07:44]} Ke7
{[%clk 0:12:33]} 23. Rxh8 {[%clk 0:04:51]} Rxh8 {[%clk 0:12:57]} 24. Rxd5
{[%clk 0:03:19]} Rh1 {[%clk 0:05:51]} 25. Rd1 {[%clk 0:02:58]} Qxe5
{[%clk 0:03:32]} 26. Nf3 {[%clk 0:01:01]} Qf5 {[%clk 0:03:31]} 27. Be2
{[%clk 0:00:42]} b5 {[%clk 0:03:20]} 28. Qb3 {[%clk 0:01:08]} Rh3
{[%clk 0:02:03]} 29. Ng1 {[%clk 0:00:38]} Qg5+ {[%clk 0:02:11]} 30. f4
{[%clk 0:00:46]} Qxf4+ {[%clk 0:02:28]} 31. Rd2 {[%clk 0:01:10]} Rh1
{[%clk 0:01:51]} 32. Bd1 {[%clk 0:01:14]} Rxg1 {[%clk 0:01:16]} 33. Ne2
{[%clk 0:01:28]} Rxd1+ {[%clk 0:01:22]} 34. Qxd1 {[%clk 0:01:17]} Qc4+
{[%clk 0:01:39]} 35. Nc3 {[%clk 0:01:40]} Be3 {[%clk 0:01:52]} 36. Qf3
{[%clk 0:01:15]} Qd3 {[%clk 0:01:54]} 37. Qb7+ {[%clk 0:01:00]} Kf8
{[%clk 0:02:16]} 38. Qa8+ {[%clk 0:01:01]} Ne8 0-1